BSOP header

Chinese for today / (Record no. 7551)

MARC details
000 -LEADER
fixed length control field 00585nam a2200169 4500
008 - FIXED-LENGTH DATA ELEMENTS--GENERAL INFORMATION
fixed length control field 020220s1994 -hk engta
020 ## - INTERNATIONAL STANDARD BOOK NUMBER
International Standard Book Number 9620741404
090 ## - LOCALLY ASSIGNED LC-TYPE CALL NUMBER (OCLC); LOCAL CALL NUMBER (OCLC)
Classification number (OCLC) (R) ; Classification number, CALL (RLIN) (NR) PL1125.E6
Local cutter number (OCLC) ; Book number/undivided call number, CALL (RLIN) C44h
245 10 - TITLE STATEMENT
Title Chinese for today /
Statement of responsibility, etc compiled and written by Huang Zhengcheng...[et al.].
260 ## - PUBLICATION, DISTRIBUTION, ETC. (IMPRINT)
Place of publication, distribution, etc Hongkong :
Name of publisher, distributor, etc Commercial Press,
Date of publication, distribution, etc c1994, 1986.
300 ## - PHYSICAL DESCRIPTION
Extent 428 p. :
Other physical details ill.
500 ## - GENERAL NOTE
General note [xeroxed copy]
505 0# - FORMATTED CONTENTS NOTE
Formatted contents note Book I.
650 #4 - SUBJECT ADDED ENTRY--TOPICAL TERM
Topical term or geographic name as entry element Chinese language
General subdivision Conversation and phrase books.
951 ## - EQUIVALENCE OR CROSS-REFERENCE-GEOGRAPHIC NAME/AREA NAME [OBSOLETE] [CAN/MARC only]
General subdivision 00026865
700 1# - ADDED ENTRY--PERSONAL NAME
Personal name Zhengcheng, Huang
951 ## - EQUIVALENCE OR CROSS-REFERENCE-GEOGRAPHIC NAME/AREA NAME [OBSOLETE] [CAN/MARC only]
-- 15854
-- PL1125.E6/C44h-I-6
-- 070613111045265
-- 2000-12-21
-- GC
Holdings
Withdrawn status Lost status Damaged status Not for loan Home library Current library Shelving location Date acquired Accession number Shelving control number Total Checkouts Full call number Barcode Date last seen Price effective from Koha item type Source of classification or shelving scheme
        BSOP Library BSOP Library GC 12/21/2000 15854 127   PL1125.E6/C44h-I-6 00026865 02/23/2013 02/23/2013 Books  
        BSOP Library BSOP Library Reference 02/19/2026 15581     R I 495.18 C44 00013927 02/19/2026 02/19/2026 Books Library of Congress Classification
BSOP

Biblical Seminary of the Philippines
  All rights Reserved
  © 2024

CONTACT INFORMATION

Biblical Seminary of the Philippines,
  77-B Karuhatan Road, Valenzuela City,
  PHILIPPINES 1441
  Phone: +632 8292-6795 / 8292-6798
  Fax : +632 8292-6675
  Email: library@bsop.edu.ph